| 000 | 00854nam a2200289 i 4500 | ||
|---|---|---|---|
| 001 | 16544 | ||
| 003 | BD-RjUL | ||
| 005 | 20211209000025.0 | ||
| 008 | 140213t1976 iaua b 001 0 eng | ||
| 020 | _a0697070662 | ||
| 035 | _a(BD-RjUL)16599 | ||
| 040 |
_aDLC _cDLC _dDLC _dBD-RjUL _beng |
||
| 041 | _aeng | ||
| 082 | 0 | 0 |
_a797.21 _bVIS 1976 |
| 100 | 1 |
_aVickers, Betty J. _951129 |
|
| 245 | 1 | 0 |
_aSwimming / _cBetty J. Vickers, William J. Vincent ; ill. by Betty J. Vickers. |
| 250 | _a3rd ed. | ||
| 260 |
_aDubuque, Iowa : _bW. C. Brown Co., _cc1976. |
||
| 300 |
_aviii, 84 p. : _bill. ; _c23 cm. |
||
| 490 | 0 | _aPhysical education activities series | |
| 504 | _aIncludes index. | ||
| 650 | 0 |
_aSwimming. _950559 |
|
| 700 | 1 |
_aVincent, William J., _ejoint author. _951130 |
|
| 942 |
_2ddc _cBK |
||
| 999 |
_c16544 _d16544 |
||